[Event "Lichtenrader Herbst 2007"]
[Site "?"]
[Date "2007.10.15"]
[Round "2.12"]
[White "Schildt, Rene"]
[Black "Meißner, Hans-Jürgen"]
[Result "0-1"]
[WhiteElo "2001"]
[BlackElo "2221"]
[PlyCount "128"]
[EventDate "2007.??.??"]

1. d4 Nf6 2. c4 g6 3. Nc3 Bg7 4. e4 O-O 5. Nf3 d6 6. Be2 Na6 7. O-O e5 8. Re1
c6 9. Be3 Ng4 10. Bg5 f6 11. Bh4 Qe8 12. c5 dxc5 13. Bxa6 bxa6 14. d5 Nh6 15.
dxc6 Qxc6 16. Qd5+ Qxd5 17. Nxd5 g5 18. Bg3 Rf7 19. Rac1 Bf8 20. b4 cxb4 21.
Rc6 Bg7 22. Nxb4 Bb7 23. Rc4 Rd7 24. h3 Nf7 25. Rc2 Bf8 26. Rb2 Rad8 27. Ree2
a5 28. Nc2 Ba6 29. Re3 Bc5 30. Rc3 Bb6 31. Rc6 Rd6 32. Rxd6 Rxd6 33. Nce1 Rd1
34. Rd2 Rb1 35. Kh2 h5 36. Kh1 a4 37. Rc2 Ba5 38. Rc6 Bb5 39. Rxf6 Bxe1 40. Kh2
Bc3 41. Nxg5 Nxg5 42. Rg6+ Kf7 43. Rxg5 a3 44. Bxe5 Bxe5+ 45. Rxe5 a6 46. Rf5+
Ke6 47. Rf3 Rb2 48. Rxa3 Rxf2 49. Kg3 Rc2 50. Ra5 h4+ 51. Kxh4 Rxg2 52. Ra3 Ke5
53. Kh5 Kxe4 54. h4 Kd4 55. Kh6 Bc4 56. h5 Rxa2 57. Rg3 a5 58. Kg7 Rh2 59. Rg5
a4 60. Ra5 Ra2 61. h6 Bd3 62. h7 Bxh7 63. Kxh7 Kc4 64. Rg5 Rd2 0-1

[Event "Lichtenrader Herbst 2007"]
[Site "?"]
[Date "2007.10.15"]
[Round "2.13"]
[White "Behrmann, Joachim"]
[Black "Hasche, Sven"]
[Result "1/2-1/2"]
[WhiteElo "2212"]
[BlackElo "1996"]
[PlyCount "37"]
[EventDate "2007.??.??"]

1. d4 Nf6 2. c4 e6 3. Nc3 Bb4 4. Qc2 c5 5. dxc5 Nc6 6. Nf3 O-O 7. a3 Bxc5 8.
Bf4 a6 9. Rd1 b6 10. e4 Bb7 11. e5 Ne8 12. Ne4 Be7 13. Bd3 f5 14. exf6 gxf6 15.
Bd6 Rf7 16. Bxe7 Nxe7 17. O-O Qc7 18. Rfe1 f5 19. Ned2 1/2-1/2

[Event "Lichtenrader Herbst 2007"]
[Site "?"]
[Date "2007.10.15"]
[Round "2.14"]
[White "Svane, Rasmus"]
[Black "Anibar, Ahmed"]
[Result "0-1"]
[WhiteElo "1981"]
[BlackElo "2195"]
[PlyCount "58"]
[EventDate "2007.??.??"]

1. e4 c5 2. Nf3 Nc6 3. Nc3 g6 4. Bb5 Bg7 5. O-O Nd4 6. Bc4 Nh6 7. d3 O-O 8.
Nxd4 cxd4 9. Ne2 Ng4 10. h3 Ne5 11. Nxd4 Nxc4 12. dxc4 Qb6 13. Nb3 d6 14. Nd2
Be6 15. Rb1 Qa6 16. a3 Bxc4 17. Nxc4 Qxc4 18. Qd5 Qxc2 19. Bg5 e6 20. Qxb7 Rfb8
21. Qe7 Qxe4 22. Qxd6 Be5 23. Qd2 Rb3 24. Rfd1 h5 25. Rdc1 Rab8 26. Rc2 Qf5 27.
Be3 Rxa3 28. Rbc1 Rd3 29. Qa5 Bh2+ 0-1

[Event "Lichtenrader Herbst 2007"]
[Site "?"]
[Date "2007.10.15"]
[Round "2.15"]
[White "Kohl, Ingo"]
[Black "Heuer, Thomas"]
[Result "1/2-1/2"]
[WhiteElo "1964"]
[BlackElo "2188"]
[PlyCount "56"]
[EventDate "2007.??.??"]

1. e4 c5 2. Nc3 Nc6 3. g3 g6 4. Bg2 Bg7 5. d3 d6 6. f4 e6 7. Nf3 Nge7 8. Bd2
O-O 9. O-O Rb8 10. Rb1 b5 11. Ne2 b4 12. g4 f5 13. gxf5 exf5 14. Kh1 Kh8 15.
Qe1 Ng8 16. Ng5 Nce7 17. Ng1 Rb6 18. N1f3 Nh6 19. Qh4 Neg8 20. e5 Qc7 21. e6
Nf6 22. Rfe1 Qe7 23. d4 cxd4 24. Nxd4 Bb7 25. Re2 Bxg2+ 26. Rxg2 Ne4 27. Ndf3
Nxg5 28. Nxg5 Qb7 1/2-1/2

[Event "Lichtenrader Herbst 2007"]
[Site "?"]
[Date "2007.10.15"]
[Round "2.16"]
[White "Gebigke, Martin"]
[Black "Röblitz, Peter"]
[Result "1-0"]
[WhiteElo "2181"]
[BlackElo "1962"]
[PlyCount "175"]
[EventDate "2007.??.??"]

1. d4 Nf6 2. c4 d6 3. Nc3 Nbd7 4. e4 e5 5. Nf3 Be7 6. Be2 O-O 7. O-O Re8 8. Re1
h6 9. Bf1 Bf8 10. d5 a5 11. Bd2 Nc5 12. Qc2 Bg4 13. Re3 Nh7 14. Ne1 Kh8 15. Rb1
Be7 16. Nd3 Bg5 17. Rg3 Bxd2 18. Qxd2 Nxd3 19. Bxd3 Bd7 20. Qe3 b6 21. Bc2 Nf6
22. Qe2 g6 23. Ba4 Bxa4 24. Nxa4 Nh5 25. Rf3 Qd7 26. Nc3 Nf4 27. Qe3 Kg7 28.
Qd2 Re7 29. a3 h5 30. Ne2 Nxe2+ 31. Qxe2 f6 32. Rg3 Kf7 33. b3 Ree8 34. Qd2 Rh8
35. h3 Qe7 36. Rf1 g5 37. Rf3 Rag8 38. Rf5 Rg6 39. b4 Ra8 40. g3 Kg7 41. Rc1
Rh6 42. c5 bxc5 43. bxc5 h4 44. g4 Rhh8 45. Rf3 Rhb8 46. Rfc3 Ra7 47. Qe3 Rab7
48. Kg2 Qd8 49. Qf3 Qe7 50. Qf5 Qf7 51. Rc4 Qe7 52. R1c3 Qf7 53. Qf3 Qe7 54.
Qd1 Qd8 55. Qa4 Ra8 56. Qc2 Raa7 57. Kg1 Kh7 58. Kh2 Kg7 59. Kg2 Kh7 60. Qe2
Qe7 61. Qe3 Ra8 62. Qc1 Raa7 63. Qd1 Kg7 64. Qa4 Ra8 65. Qc6 Raa7 66. Kg1 Kh7
67. Kh2 Kg7 68. Kg2 Kh7 69. Kf1 Kg7 70. Qa4 Rb1+ 71. Kg2 Rbb7 72. c6 Rb8 73.
Rb3 Qd8 74. Rcc3 Ra6 75. Rb5 Rbb6 76. Rcb3 Qb8 77. Qc4 Rxb5 78. Rxb5 Rb6 79. a4
Kf7 80. Rxa5 Rb4 81. Qe2 Rb2 82. Qf3 Rb1 83. Qf5 Kg7 84. Qd7+ Kh6 85. Qf7 f5
86. Qh5+ Kg7 87. Qxg5+ Kh8 88. Qxh4+ 1-0

[Event "Lichtenrader Herbst 2007"]
[Site "?"]
[Date "2007.10.15"]
[Round "2.17"]
[White "Ober, Wolfgang"]
[Black "Albrecht, Rainer"]
[Result "1/2-1/2"]
[WhiteElo "1950"]
[BlackElo "2179"]
[PlyCount "66"]
[EventDate "2007.??.??"]

1. Nf3 e6 2. c4 f5 3. e3 Nf6 4. Nc3 b6 5. d4 Bb7 6. h4 Bb4 7. Bd2 Qe7 8. Qc2
Bxc3 9. Bxc3 Ne4 10. O-O-O d6 11. Ne1 Nd7 12. Rh3 e5 13. f3 Nxc3 14. Qxc3 O-O-O
15. Nd3 Kb8 16. Nb4 exd4 17. exd4 Qf6 18. d5 Qxc3+ 19. bxc3 Rde8 20. f4 Re4 21.
Rf3 Nc5 22. Nc2 Bc8 23. Re1 Rhe8 24. Rfe3 Rxe3 25. Rxe3 Rxe3 26. Nxe3 Bd7 27.
Be2 Kc8 28. Kd2 Kd8 29. Bd3 g6 30. Bc2 Ke7 31. h5 Kf6 32. hxg6 hxg6 33. g3 Nb7
1/2-1/2

[Event "Lichtenrader Herbst 2007"]
[Site "?"]
[Date "2007.10.15"]
[Round "2.18"]
[White "Vandré, Wolfgang"]
[Black "Schulze, Gerd"]
[Result "0-1"]
[WhiteElo "2172"]
[BlackElo "1945"]
[PlyCount "73"]
[EventDate "2007.??.??"]

1. d4 Nf6 2. c4 g6 3. Nc3 Bg7 4. e4 d6 5. f3 Na6 6. Be3 Be6 7. d5 Bd7 8. Qd2 c6
9. Nge2 Nc7 10. Bh6 Bxh6 11. Qxh6 cxd5 12. cxd5 Nb5 13. a4 Nxc3 14. Nxc3 Qb6
15. Qd2 O-O 16. Be2 a6 17. h4 Nh5 18. a5 Qc5 19. e5 dxe5 20. Ne4 Qd4 21. Qxd4
exd4 22. Rd1 Rfc8 23. Rxd4 Rc2 24. Rd2 Rac8 25. b4 Nf4 26. Nc5 Nxg2+ 27. Kd1
Ne3+ 28. Ke1 Rc7 29. d6 exd6 30. Rxd6 Bc6 31. Kf2 Re7 32. Ne4 Bxe4 33. fxe4
Rxe4 34. Kf3 Re7 35. h5 Nf5 36. Rd8+ Kg7 37. Bd3 0-1

[Event "Lichtenrader Herbst 2007"]
[Site "?"]
[Date "2007.10.15"]
[Round "2.19"]
[White "Stielau, Jens-Uwe"]
[Black "Günther, Thomas"]
[Result "0-1"]
[WhiteElo "1935"]
[BlackElo "2164"]
[PlyCount "100"]
[EventDate "2007.??.??"]

1. d4 Nf6 2. c4 e6 3. Nc3 d5 4. Nf3 Nbd7 5. cxd5 exd5 6. Qc2 c6 7. Bf4 Be7 8.
e3 Nf8 9. h3 Ne6 10. Be5 g6 11. Bd3 Ng7 12. g4 O-O 13. O-O-O Bd6 14. Rdg1 Re8
15. Rg3 Bxe5 16. Nxe5 Nd7 17. f4 Nxe5 18. fxe5 Qh4 19. Rf3 Ne6 20. Qf2 Qxf2 21.
Rxf2 b6 22. Bf1 Bb7 23. Bg2 Rad8 24. Rd1 Nc7 25. b4 b5 26. Kb2 Kg7 27. e4 Re6
28. exd5 cxd5 29. Rdf1 Rd7 30. Rc1 a6 31. a4 Rb6 32. a5 Rc6 33. Rd2 Rc4 34. Kb3
Ne6 35. Ne2 Nf4 36. Rg1 Nxe2 37. Rxe2 Rxd4 38. e6 fxe6 39. Rxe6 Rd3+ 40. Kc2
Rg3 41. Kd2 Rb3 42. Rge1 Kf7 43. Bh1 Rxb4 44. Rb6 Kg7 45. Re8 Rc4 46. Rb8 Bc8
47. Ra8 Rdc7 48. Rbb8 Kf6 49. Bxd5 Rc2+ 50. Kd3 Ke5 0-1

[Event "Lichtenrader Herbst 2007"]
[Site "?"]
[Date "2007.10.15"]
[Round "2.20"]
[White "Cusnariov, Nicolai"]
[Black "Gnass, Arno"]
[Result "1-0"]
[WhiteElo "2158"]
[BlackElo "1926"]
[PlyCount "87"]
[EventDate "2007.??.??"]

1. c4 Nf6 2. Nc3 g6 3. g3 Bg7 4. Bg2 c6 5. e4 e5 6. Nge2 O-O 7. O-O Na6 8. d4
d6 9. h3 Nc7 10. Be3 exd4 11. Nxd4 Ne6 12. Qd2 Nxd4 13. Bxd4 c5 14. Be3 Be6 15.
b3 Qc8 16. Kh2 Rd8 17. Rad1 Ne8 18. f4 f5 19. exf5 Bxf5 20. Nd5 Kh8 21. Ne7 Qd7
22. Nxf5 Qxf5 23. Bxb7 Rab8 24. Bg2 Qf6 25. f5 gxf5 26. Bg5 Qg6 27. Bxd8 Rxd8
28. Qd3 Qf6 29. Qxf5 Qb2 30. Rf2 Qc3 31. Rd3 Qe1 32. Qg5 Rb8 33. Rdf3 Nc7 34.
Rf1 Qe8 35. Re3 Be5 36. Qf5 Qg8 37. Qf7 Qg5 38. Qxc7 Rg8 39. Rff3 h5 40. Rxe5
Qxe5 41. Qf7 h4 42. Qf6+ Qxf6 43. Rxf6 hxg3+ 44. Kg1 1-0

[Event "Lichtenrader Herbst 2007"]
[Site "?"]
[Date "2007.10.16"]
[Round "3.1"]
[White "Shapiro, Yosip"]
[Black "Lagunow, Alexander"]
[Result "0-1"]
[WhiteElo "2132"]
[BlackElo "2438"]
[PlyCount "82"]
[EventDate "2007.??.??"]

1. e4 c5 2. Nf3 Nc6 3. d4 cxd4 4. Nxd4 Nf6 5. Nc3 d6 6. Be2 e5 7. Nb3 Be7 8.
O-O O-O 9. Be3 Be6 10. f4 exf4 11. Rxf4 Ne8 12. Qd2 Bf6 13. Raf1 Rc8 14. R4f2
Be5 15. Nd4 Nxd4 16. Bxd4 Nf6 17. Bxe5 dxe5 18. Qg5 Rxc3 19. bxc3 Nxe4 20. Qxd8
Rxd8 21. Rf3 Nd2 22. Re1 Nxf3+ 23. Bxf3 f6 24. Bxb7 Rb8 25. Rb1 Kf8 26. Rb4 a5
27. Rb5 Ke7 28. a3 Bd7 29. Rb3 Ba4 30. Rb6 Bxc2 31. Rb5 Bd3 32. c4 Bxc4 33. Rc5
Rxb7 34. Rxc4 Kd6 35. Kf2 Rb2+ 36. Kf1 f5 37. Ra4 Rb5 38. h4 g6 39. g4 h5 40.
gxh5 gxh5 41. Kf2 Rc5 0-1

[Event "Lichtenrader Herbst 2007"]
[Site "?"]
[Date "2007.10.16"]
[Round "3.2"]
[White "Issel, Oliver"]
[Black "Wendt, Jan-Dietrich"]
[Result "1-0"]
[WhiteElo "2113"]
[BlackElo "2364"]
[PlyCount "119"]
[EventDate "2007.??.??"]

1. e4 d6 2. Nf3 g6 3. g3 Bg7 4. Bg2 c5 5. O-O Nc6 6. c3 e5 7. a3 Nge7 8. b4 O-O
9. d3 Kh8 10. Nh4 Rb8 11. Be3 b6 12. Qd2 Be6 13. Bh6 Qd7 14. Bxg7+ Kxg7 15. Qe2
f6 16. Nd2 b5 17. Qe3 Rfc8 18. f4 Ng8 19. Rfb1 a5 20. Nhf3 Nge7 21. Bf1 axb4
22. axb4 cxb4 23. cxb4 Ra8 24. Rxa8 Rxa8 25. Qb6 Rb8 26. Qe3 Nc8 27. d4 Qa7 28.
Qc3 N8e7 29. Ra1 exd4 30. Qb2 Qb6 31. Kg2 d5 32. Bd3 dxe4 33. Nxe4 Bd5 34. Nc5
Kf7 35. Kf2 Bxf3 36. Kxf3 Qd8 37. Be4 Qd6 38. Qb3+ Kg7 39. Kg2 f5 40. Bf3 Rc8
41. Ra6 Qf6 42. Nd7 Qf7 43. Qxf7+ Kxf7 44. Bxc6 Nxc6 45. Rxc6 Rxc6 46. Ne5+ Ke6
47. Nxc6 d3 48. Kf2 Kd5 49. Na7 Kc4 50. Ke3 Kxb4 51. Kxd3 Kc5 52. Nxb5 Kxb5 53.
Kd4 Kc6 54. Ke5 Kd7 55. Kf6 Ke8 56. Kg7 Ke7 57. Kxh7 Kf7 58. Kh6 Kf6 59. h4 Kf7
60. h5 1-0

[Event "Lichtenrader Herbst 2007"]
[Site "?"]
[Date "2007.10.16"]
[Round "3.3"]
[White "Hahlbohm, Matthias"]
[Black "Battaglini, Gabriel"]
[Result "0-1"]
[WhiteElo "2111"]
[BlackElo "2295"]
[PlyCount "70"]
[EventDate "2007.??.??"]

1. e4 e6 2. d4 d5 3. e5 c5 4. c3 Nc6 5. Nf3 Qb6 6. a3 Nh6 7. Bd3 cxd4 8. cxd4
Nf5 9. Bxf5 exf5 10. O-O Be7 11. Nc3 Be6 12. b4 a5 13. b5 Na7 14. a4 Qd8 15.
Ba3 Bxa3 16. Rxa3 Nc8 17. Qd3 Nb6 18. Ne2 Nc4 19. Rb3 g5 20. g3 Rc8 21. h4 h6
22. Kh2 Rg8 23. hxg5 hxg5 24. Kg2 f4 25. Ne1 Qd7 26. Rh1 Bf5 27. Qd2 f3+ 28.
Nxf3 Be4 29. g4 Qxg4+ 30. Ng3 Bc2 31. Qxc2 Ne3+ 32. Rxe3 Rxc2 33. Rh7 Qf4 34.
Re2 Rxe2 35. Nxe2 Qe4 0-1

[Event "Lichtenrader Herbst 2007"]
[Site "?"]
[Date "2007.10.16"]
[Round "3.4"]
[White "Giemsa, Stephan"]
[Black "Benninger, Rudolf"]
[Result "1-0"]
[WhiteElo "2284"]
[BlackElo "2130"]
[PlyCount "99"]
[EventDate "2007.??.??"]

1. d4 g6 2. c4 Bg7 3. Nc3 c5 4. d5 d6 5. e4 e6 6. Bd3 Nf6 7. Nf3 exd5 8. exd5
O-O 9. O-O Bg4 10. h3 Bxf3 11. Qxf3 Nbd7 12. Qd1 a6 13. Bg5 Qc7 14. Qd2 Rfe8
15. Rfe1 Rab8 16. a4 Qa5 17. Bf1 Qb4 18. Bf4 Ne5 19. Bxe5 Rxe5 20. Rxe5 dxe5
21. a5 b6 22. Ra4 Qb3 23. Ra3 Qb4 24. Ra4 Qb3 25. Ra3 Qb4 26. axb6 Rxb6 27. Ra4
Qb3 28. Ra3 Qb4 29. Ra4 Qb3 30. Ra1 e4 31. Na4 e3 32. Qxe3 Qxe3 33. fxe3 Rb4
34. Nxc5 Bh6 35. Re1 Rxb2 36. Bd3 Rd2 37. Bf1 a5 38. Nb3 Ra2 39. d6 a4 40. Nd4
Rd2 41. c5 a3 42. c6 a2 43. c7 Bxe3+ 44. Kh1 Ne4 45. c8=Q+ Kg7 46. Ne2 Rb2 47.
d7 Rb1 48. d8=Q Rxe1 49. Qh8+ Kh6 50. Qhf8+ 1-0

[Event "Lichtenrader Herbst 2007"]
[Site "?"]
[Date "2007.10.16"]
[Round "3.5"]
[White "Dimitrijeski, Kristian"]
[Black "Marcziter, Dmitrii"]
[Result "1/2-1/2"]
[WhiteElo "2108"]
[BlackElo "2249"]
[PlyCount "60"]
[EventDate "2007.??.??"]

1. d4 Nf6 2. Bg5 d5 3. e3 c5 4. c3 e6 5. Nd2 Nc6 6. Ngf3 Be7 7. Bd3 Qb6 8. Qc2
Bd7 9. Ne5 Rc8 10. Bxf6 Bxf6 11. Nxd7 Kxd7 12. dxc5 Qxc5 13. Qa4 Kc7 14. Nb3
Qb6 15. Qb5 Qxb5 16. Bxb5 Ne5 17. O-O-O a6 18. Be2 Kb8 19. Kb1 Rc7 20. Nd2 Rd8
21. Nf3 Nc4 22. Bxc4 Rxc4 23. Nd2 Rc6 24. f3 Rb6 25. Nb3 a5 26. Nxa5 Bxc3 27.
Nb3 Bf6 28. Rd3 Rc8 29. Rc1 Rc4 30. Nd4 Rxc1+ 1/2-1/2

[Event "Lichtenrader Herbst 2007"]
[Site "?"]
[Date "2007.10.16"]
[Round "3.6"]
[White "Prudlo, Simon"]
[Black "Strehlow, Horst"]
[Result "0-1"]
[WhiteElo "2245"]
[BlackElo "2111"]
[PlyCount "55"]
[EventDate "2007.??.??"]

1. e4 e6 2. d4 d5 3. Nc3 Nf6 4. e5 Nfd7 5. f4 c5 6. Nf3 Nc6 7. Be3 a6 8. Qd2 b5
9. a3 Qb6 10. dxc5 Bxc5 11. Bxc5 Nxc5 12. Qf2 Rb8 13. Bd3 b4 14. Nd1 Nxd3+ 15.
cxd3 O-O 16. O-O a5 17. axb4 axb4 18. Ne3 Ba6 19. Rfd1 Bb5 20. Nc2 b3 21. Qxb6
Rxb6 22. Ncd4 Nxd4 23. Nxd4 Ba6 24. Kf2 f6 25. Ke3 fxe5 26. fxe5 Bc8 27. Ra3
Bd7 28. Rxb3 0-1

[Event "Lichtenrader Herbst 2007"]
[Site "?"]
[Date "2007.10.16"]
[Round "3.7"]
[White "Meißner, Hans-Jürgen"]
[Black "Zschäbitz, Klaus"]
[Result "1-0"]
[WhiteElo "2221"]
[BlackElo "2101"]
[PlyCount "69"]
[EventDate "2007.??.??"]

1. e4 e6 2. d4 d5 3. Nc3 Bb4 4. e5 c5 5. a3 Bxc3+ 6. bxc3 Ne7 7. Nf3 Nbc6 8.
Be2 Qa5 9. Bd2 Qa4 10. Qb1 c4 11. Ng5 h6 12. Nh3 Bd7 13. Nf4 O-O-O 14. Nh5 Rdg8
15. O-O Be8 16. Bg4 Nd8 17. Re1 Qa6 18. a4 Nec6 19. h3 b6 20. Re3 f5 21. exf6
Bxh5 22. fxg7 Rxg7 23. Bxh5 Rhg8 24. Rg3 Rxg3 25. fxg3 Qb7 26. Bf4 Qe7 27. a5
e5 28. dxe5 Qc5+ 29. Kh2 Nxa5 30. e6 Nac6 31. Qd1 d4 32. Bf7 Nxf7 33. exf7 Rf8
34. Qg4+ Kd8 35. Qe6 1-0

[Event "Lichtenrader Herbst 2007"]
[Site "?"]
[Date "2007.10.16"]
[Round "3.8"]
[White "Anibar, Ahmed"]
[Black "Hohn, August"]
[Result "1-0"]
[WhiteElo "2195"]
[BlackElo "2090"]
[PlyCount "53"]
[EventDate "2007.??.??"]

1. e4 c6 2. d4 d5 3. e5 Bf5 4. Nf3 e6 5. Be2 c5 6. O-O Nc6 7. Be3 cxd4 8. Nxd4
Nxd4 9. Qxd4 Ne7 10. Qa4+ Nc6 11. c4 d4 12. Rd1 Qd7 13. Bxd4 Nxe5 14. Qb3 Qc7
15. Bxe5 Qxe5 16. Qxb7 Bd6 17. Qxa8+ Ke7 18. Qxa7+ Bc7 19. g3 Qxe2 20. Qxc7+
Kf6 21. Nc3 Qf3 22. Qf4 Qb7 23. f3 h5 24. Ne4+ Kg6 25. Qg5+ Kh7 26. Qxh5+ Kg8
27. Rd8# 1-0

[Event "Lichtenrader Herbst 2007"]
[Site "?"]
[Date "2007.10.16"]
[Round "3.9"]
[White "Burger, Heinrich"]
[Black "Gebigke, Martin"]
[Result "1/2-1/2"]
[WhiteElo "2092"]
[BlackElo "2181"]
[PlyCount "43"]
[EventDate "2007.??.??"]

1. d4 Nf6 2. c4 e6 3. g3 d5 4. Bg2 Be7 5. Nf3 O-O 6. O-O Ne4 7. Nfd2 f5 8. Nxe4
fxe4 9. Nc3 Bf6 10. e3 c6 11. f3 exf3 12. Bxf3 Nd7 13. Ne2 Nb6 14. c5 Nd7 15.
Nf4 Qe8 16. Bg4 Nb8 17. Bd2 g6 18. Bc3 Na6 19. Nd3 Bg7 20. Rxf8+ Qxf8 21. b4
Nc7 22. a4 1/2-1/2

[Event "Lichtenrader Herbst 2007"]
[Site "?"]
[Date "2007.10.16"]
[Round "3.10"]
[White "Günther, Thomas"]
[Black "Jaeger, Andre"]
[Result "1-0"]
[WhiteElo "2164"]
[BlackElo "2050"]
[PlyCount "53"]
[EventDate "2007.??.??"]

1. Nf3 Nf6 2. c4 g6 3. Nc3 Bg7 4. g3 d6 5. d4 O-O 6. Bg2 Nbd7 7. O-O e5 8. e4
c6 9. h3 exd4 10. Nxd4 Qb6 11. Nc2 Ne8 12. Bd2 Ne5 13. b3 f5 14. Na4 Qc7 15. f4
Nd3 16. Bc3 Bxc3 17. Nxc3 Qb6+ 18. Kh2 Nf2 19. Qd2 Nxe4 20. Nxe4 fxe4 21. Bxe4
Nf6 22. Bd3 Qc5 23. f5 Bd7 24. b4 Qe5 25. Rae1 Qb2 26. fxg6 h5 27. Qh6 1-0

[Event "Lichtenrader Herbst 2007"]
[Site "?"]
[Date "2007.10.16"]
[Round "3.11"]
[White "Schulze, Gerd"]
[Black "Cusnariov, Nicolai"]
[Result "0-1"]
[WhiteElo "1945"]
[BlackElo "2158"]
[PlyCount "66"]
[EventDate "2007.??.??"]

1. d4 Nf6 2. c4 c5 3. d5 b5 4. cxb5 a6 5. b6 d6 6. Nc3 g6 7. e4 Qxb6 8. Nf3 Bg7
9. Be2 O-O 10. O-O Nbd7 11. Qc2 Rb8 12. Rb1 Qc7 13. h3 Bb7 14. Bf4 Nh5 15. Bg5
Nb6 16. Qd2 Rfe8 17. Nh2 Nf6 18. Bh6 Bh8 19. f4 e6 20. dxe6 Rxe6 21. e5 dxe5
22. fxe5 Rd8 23. Qc2 Qxe5 24. Bf3 Qc7 25. Rbd1 Rde8 26. Qb3 Bxf3 27. Nxf3 Bg7
28. Bxg7 Kxg7 29. Ng5 Re5 30. Nxf7 c4 31. Qb4 Kxf7 32. Rd6 R8e6 33. Rxf6+ Kxf6
0-1

[Event "Lichtenrader Herbst 2007"]
[Site "?"]
[Date "2007.10.16"]
[Round "3.12"]
[White "Radovanovic, Jovica"]
[Black "Glantz, Robert"]
[Result "0-1"]
[WhiteElo "2355"]
[BlackElo "2018"]
[PlyCount "122"]
[EventDate "2007.??.??"]

1. e4 c5 2. Nf3 d6 3. d4 cxd4 4. Nxd4 Nf6 5. Nc3 a6 6. Be2 e6 7. O-O Be7 8. f4
O-O 9. Be3 Nc6 10. Qe1 Qc7 11. Qg3 Bd7 12. Rad1 b5 13. e5 Ne8 14. Nf3 Nb4 15.
Nd4 Rd8 16. a3 Nc6 17. Qf2 Rc8 18. Nf3 Rb8 19. Ne4 Bc8 20. Qg3 Bb7 21. Bd3 g6
22. Kh1 Na5 23. Neg5 Ng7 24. Bd4 Bxf3 25. Nxf3 d5 26. Qf2 Nc4 27. Ra1 a5 28.
Nd2 Rfc8 29. h3 Bc5 30. Bxc5 Qxc5 31. Qxc5 Rxc5 32. Nb3 Rcc8 33. Nd4 Nxb2 34.
Bxb5 Nf5 35. Nxf5 gxf5 36. Bd3 Rc3 37. Rfb1 Rc6 38. a4 Rcb6 39. Bb5 Nxa4 40.
Rxa4 Rxb5 41. Rba1 Rb1+ 42. Kh2 Rxa1 43. Rxa1 Rb4 44. Kg3 a4 45. Kf3 Rc4 46.
Ra3 d4 47. Ra2 Rc3+ 48. Ke2 a3 49. Kf1 h5 50. Ke1 h4 51. Ra1 Kf8 52. Kd2 Kg7
53. Rd1 Rg3 54. Rg1 f6 55. Kc1 Kf7 56. Kb1 fxe5 57. fxe5 d3 58. c4 Ke7 59. Kc1
f4 60. Kd2 f3 61. Kxd3 f2+ 0-1

[Event "Lichtenrader Herbst 2007"]
[Site "?"]
[Date "2007.10.16"]
[Round "3.13"]
[White "Richter, Götz"]
[Black "Korneev, Oleg"]
[Result "0-1"]
[WhiteElo "2049"]
[BlackElo "2587"]
[PlyCount "56"]
[EventDate "2007.??.??"]

1. e4 c5 2. Nf3 e6 3. d4 cxd4 4. Nxd4 a6 5. Bd3 Bc5 6. Nb3 Be7 7. O-O d6 8. f4
Nd7 9. Qe2 Qc7 10. N1d2 Ngf6 11. Nf3 e5 12. a4 b6 13. a5 b5 14. f5 Bb7 15. Bd2
O-O 16. Bb4 Rfe8 17. Nbd2 Nc5 18. Rfe1 d5 19. Bxc5 Bxc5+ 20. Kh1 Bb4 21. c3
Bxa5 22. exd5 Nxd5 23. g3 e4 24. Nxe4 Bb6 25. Nfd2 Ne3 26. Qf3 Rad8 27. Rxe3
Bxe3 28. Qxe3 Qd7 0-1

[Event "Lichtenrader Herbst 2007"]
[Site "?"]
[Date "2007.10.16"]
[Round "3.14"]
[White "Rabiega, Robert"]
[Black "Herrmann, Markus"]
[Result "1-0"]
[WhiteElo "2545"]
[BlackElo "2037"]
[PlyCount "57"]
[EventDate "2007.??.??"]

1. e4 e5 2. Bc4 Nf6 3. d3 Nc6 4. Nf3 Bc5 5. c3 d6 6. O-O O-O 7. Re1 Ng4 8. Rf1
Kh8 9. h3 Nh6 10. d4 exd4 11. cxd4 Bb6 12. Bg5 f6 13. Bxh6 gxh6 14. Qd2 Kg7 15.
Nc3 f5 16. Rfe1 fxe4 17. Rxe4 Bf5 18. Rh4 Qf6 19. Nd5 Qg6 20. Nf4 Qe8 21. Re1
Qd7 22. Be6 Ba5 23. Qc1 Qe7 24. Re3 Nxd4 25. Nxd4 Qxh4 26. Nxf5+ Rxf5 27. Bxf5
Kf6 28. Nd5+ Kxf5 29. Qc2+ 1-0

[Event "Lichtenrader Herbst 2007"]
[Site "?"]
[Date "2007.10.16"]
[Round "3.15"]
[White "Hasche, Sven"]
[Black "Lüders, Gerhard"]
[Result "0-1"]
[WhiteElo "1996"]
[BlackElo "2282"]
[PlyCount "68"]
[EventDate "2007.??.??"]

1. d4 d5 2. c4 e6 3. Nf3 Nf6 4. Bg5 Be7 5. e3 O-O 6. Nc3 b6 7. Rc1 Bb7 8. Bxf6
Bxf6 9. cxd5 exd5 10. Bd3 c5 11. O-O Re8 12. b3 Nd7 13. Qd2 g6 14. Rfd1 a6 15.
Bf1 cxd4 16. exd4 Nf8 17. Qf4 Rc8 18. h4 Ne6 19. Qg4 Rc7 20. h5 Bc8 21. Qg3 Bb7
22. Qg4 Qc8 23. hxg6 hxg6 24. Ne2 Nxd4 25. Qxc8 Nxf3+ 26. gxf3 Rexc8 27. Rxc7
Rxc7 28. Nd4 b5 29. a4 b4 30. Ne2 d4 31. Rc1 Rd7 32. Kg2 d3 33. Nf4 Bg5 34. Kg3
Rd4 0-1

[Event "Lichtenrader Herbst 2007"]
[Site "?"]
[Date "2007.10.16"]
[Round "3.16"]
[White "Kohl, Ingo"]
[Black "von Wantoch Rekowski, Danij"]
[Result "0-1"]
[WhiteElo "1964"]
[BlackElo "2242"]
[PlyCount "74"]
[EventDate "2007.??.??"]

1. e4 d6 2. d4 g6 3. Nc3 Bg7 4. g3 Nd7 5. Bg2 e5 6. Nge2 Ne7 7. O-O O-O 8. Be3
exd4 9. Bxd4 Ne5 10. f4 c5 11. fxe5 cxd4 12. Qxd4 dxe5 13. Qe3 Be6 14. Rad1 Qa5
15. Rd2 Rac8 16. a3 a6 17. Rfd1 Qc7 18. Nd5 Bxd5 19. exd5 Nf5 20. Qf2 Nd6 21.
c3 Bh6 22. Rd3 f5 23. g4 f4 24. Qh4 Bg7 25. Rh3 h6 26. g5 h5 27. Bf3 Nf5 28.
Qe1 Qe7 29. Kh1 Ne3 30. d6 Qd7 31. Qh4 Nxd1 32. Bd5+ Rf7 33. Nxf4 exf4 34. Qxf4
Qxh3 35. Qxf7+ Kh8 36. d7 Rf8 37. d8=Q Rxd8 0-1

[Event "Lichtenrader Herbst 2007"]
[Site "?"]
[Date "2007.10.16"]
[Round "3.17"]
[White "Behrmann, Joachim"]
[Black "Ober, Wolfgang"]
[Result "1-0"]
[WhiteElo "2212"]
[BlackElo "1950"]
[PlyCount "43"]
[EventDate "2007.??.??"]

1. d4 Nf6 2. c4 e6 3. Nc3 d5 4. Bg5 Be7 5. e3 a6 6. Nf3 Nbd7 7. Rc1 dxc4 8.
Bxc4 b5 9. Bd3 Bb7 10. O-O Rc8 11. Re1 O-O 12. e4 c5 13. e5 Nd5 14. Ne4 Bxg5
15. Nfxg5 Qe7 16. Nxh7 Qh4 17. Nxf8 Kxf8 18. Nd6 Rc7 19. Qf3 Nf4 20. Nxb7 Nxd3
21. Nd6 f5 22. Qa8+ 1-0

[Event "Lichtenrader Herbst 2007"]
[Site "?"]
[Date "2007.10.16"]
[Round "3.18"]
[White "Roth, Joachim"]
[Black "Jahnz, Fabian"]
[Result "0-1"]
[WhiteElo "1874"]
[BlackElo "2193"]
[PlyCount "101"]
[EventDate "2007.??.??"]

1. f4 d5 2. Nf3 Nf6 3. e3 c5 4. d4 Nc6 5. c3 Bf5 6. Bd3 e6 7. O-O Be7 8. Qe2
O-O 9. Nbd2 Qc7 10. Ne5 Nd7 11. g4 Bxd3 12. Nxd3 b5 13. Nf3 c4 14. Nf2 b4 15.
Bd2 bxc3 16. bxc3 Rab8 17. Rfb1 Qa5 18. Be1 Nb6 19. Qc2 Na4 20. e4 Ba3 21. Rxb8
Rxb8 22. Nd1 Nb2 23. Rb1 Nxd1 24. Rxb8+ Nxb8 25. Qxd1 dxe4 26. Qb1 exf3 27.
Qxb8+ Bf8 28. Qb1 h5 29. h3 Qd5 30. Kf2 Bd6 31. Bd2 hxg4 32. hxg4 f5 33. gxf5
exf5 34. Qd1 Kf8 35. Qxf3 Qxf3+ 36. Kxf3 Ke7 37. Be3 Ke6 38. d5+ Kxd5 39. Bxa7
Kc6 40. Be3 Kb5 41. Ke2 Ka4 42. Kd1 Be7 43. Kc2 Ka3 44. Kb1 Bh4 45. Bc1+ Ka4
46. Kc2 Kb5 47. Kd2 Kc6 48. Ke2 Kd5 49. Kf3 Be1 50. Bb2 Bd2 51. a4 0-1

[Event "Lichtenrader Herbst 2007"]
[Site "?"]
[Date "2007.10.16"]
[Round "3.19"]
[White "Heuer, Thomas"]
[Black "Rehder, Frank"]
[Result "1/2-1/2"]
[WhiteElo "2188"]
[BlackElo "1947"]
[PlyCount "45"]
[EventDate "2007.??.??"]

1. d4 d5 2. Nf3 Nf6 3. c4 e6 4. Nc3 b6 5. Bg5 Be7 6. e3 O-O 7. Rc1 Bb7 8. Bxf6
Bxf6 9. cxd5 exd5 10. g3 c6 11. Bg2 Nd7 12. O-O Rc8 13. b4 Re8 14. Qb3 a6 15.
Rfe1 Be7 16. e4 dxe4 17. Nxe4 Nf6 18. Ne5 Nd5 19. Nc3 Qd6 20. a3 Bf8 21. Nxd5
cxd5 22. Nd3 Rc4 23. Qb2 1/2-1/2

[Event "Lichtenrader Herbst 2007"]
[Site "?"]
[Date "2007.10.16"]
[Round "3.20"]
[White "Albrecht, Rainer"]
[Black "Fuchs, Raimond"]
[Result "0-1"]
[WhiteElo "2179"]
[BlackElo "1930"]
[PlyCount "68"]
[EventDate "2007.??.??"]

1. d4 d5 2. c4 e6 3. Nc3 c5 4. cxd5 exd5 5. Nf3 Nc6 6. Bg5 f6 7. Bf4 g5 8. Bg3
g4 9. Nd2 cxd4 10. Nb5 Kf7 11. Qa4 Be6 12. Nc7 Rc8 13. Nxe6 Kxe6 14. e3 Bb4 15.
O-O-O Bxd2+ 16. Rxd2 dxe3 17. fxe3 f5 18. Kb1 Qa5 19. Qxa5 Nxa5 20. Bd3 Nc4 21.
Rf2 Ne7 22. Bh4 Nxe3 23. Re1 d4 24. Bg5 Rc5 25. Bxe3 dxe3 26. Rxe3+ Re5 27.
Bc4+ Nd5 28. Rxe5+ Kxe5 29. Bxd5 Kxd5 30. Rxf5+ Ke4 31. Rf7 Ke3 32. Rg7 h5 33.
h3 Kf2 34. hxg4 h4 0-1